1HGGSP : La Démocratie : AXE 1 - Statistiques

Statistiques générales
  • Ce quiz a été pris 26 fois
  • Le résultat moyen est 14 sur 25
Statistiques - réponses
Questions Réponses % Correct
VRAI - FAUX : Cette méthode est démocratique. Vrai
95%
VRAI - FAUX : Malgré ces critiques, la démocratie disparait principalement du fait de causes externes. Vrai
95%
VRAI - FAUX : La prééminence de cet homme témoigne de l'autoritarisme de la démocratie athénienne. Faux
86%
VRAI - FAUX : Pour lui, le modèle athénien est applicable à l'échelle des nations modernes. Faux
86%
Quel philosophe critique le fonctionnement de la démocratie athénienne ? Platon
76%
Comment les membres de la boulé sont-ils désignés ? Tirage au sort
76%
Quel penseur du XIXe siècle, député sous la Restauration, réfléchi à l'exercice de la Démocratie ? Benjamin Constant
71%
Quelle institution est le coeur de la démocratie athénienne ? Ecclésia
71%
Quel pourcentage de la population d'Athènes les citoyens représentent-ils environ ? 10%
67%
Comment peut-on qualifier cette démocratie ? Directe
67%
En quelle année ? 508 avant JC
57%
Quel homme politique athénien met en place une réforme fondamentale constituant le point de départ de la démocratie athénienne ? Clisthène
57%
Pour Benjamin Constant, comment doit-être la démocratie ? Représentative
52%
Quel terme désigne le fait de flâter le peuple pour accéder au pouvoir ? Démagogie
48%
Les citoyens avaient le même temps de parole. Quel mot grec désigne cela ? Iségorie / Isegoria
48%
Quel philosophe des Lumières critique ce modèle ? Montesquieu
48%
Malgré cela, quel citoyen avait une place plus importante que les autres au Ve ? Périclès
48%
Quel rôle occupait-il dans la cité ? Stratège
38%
Pour lui, ce processus de désignation est propre à quel régime politique ? Aristocratie
33%
Pour processus permet de désigner les représentants ? Élection
33%
Quelle bataille cause la fin de la démocratie athénienne en 338 avant JC à la suite d'une défaite contre la Macédoine ? Chéronée
29%
Lorsqu'un citoyen subissait trop de critique, il pouvait être exclu de la cité. Cela permettait un contrôle interne des ciitoyens par eux-mêmes. Comment appelait-t-on ce vote à l'assemblée ? Ostracisme
29%
Pour lui, qu'est-ce que ce modèle permet ? Une plus grande liberté
24%
Quelle est la grande idée de ses réformes ? Brassage / Dème
19%
Quel concept de Polybe désigne le régime politique dérivée d'une démocratie avec une domination de la foule (et non du peuple) ? Ochlocratie
19%
Aucun quiz correspondant
Distribution des résultats
% des personnes avec chaque résultat
Percentile par nombre de réponses
Votre historique - résultats
Vous n’avez pas pris ce quiz